| 000 | 00709nam a2200205Ia 4500 | ||
|---|---|---|---|
| 003 | GCL | ||
| 008 | 140319s9999 xx 000 0 ara d | ||
| 040 |
_aGCL / _cGCL |
||
| 082 | 0 | 4 |
_a001.6424 _bا ك |
| 100 | 1 | _aانيس حبلى | |
| 245 | 1 | 0 |
_aكويك باسيك : مراحل تطور لغة البيسك من لغة الالة الى كويك باسيك GW BASIC QUICK BASIC / _cانيس حبلى |
| 260 |
_a[S.N] : _bدار الراتب الجامعية ، _c1989 |
||
| 300 | _a144 ص | ||
| 490 | _a | ||
| 650 | 0 | 4 | _aالحاسبات الالكترونية |
| 650 | 0 | 4 | _aكويك بيسك |
| 650 | 0 | 4 | _aباسيك |
| 650 | 0 | 4 | _aالحاسبات الالكترونية- لغات |
| 942 |
_2ddc _cBK |
||
| 999 |
_c53244 _d53244 |
||